000 00439nam a22001697a 4500
005 20180305105658.0
008 160611b xxu||||| |||| 00| 0 eng d
020 _a9780415156271
041 _aeng
082 _b6989
_a332
100 _aGrimwade, Nigel.
_91722
245 _aInternational Trade New Patterns of Made, Production and Investment.
260 _bRoutledge London
300 _a389
650 _aManagement
_9241
942 _cBK
999 _c2430
_d2429